The Regulation of Science and Technology /

Conjunto de análisis sobre la complejidad de los procesos regulatorios que gobiernan la producción, propiedad y explotación de la ciencia y la tecnología, particularmente en Inglaterra y Europa. Los capítulos de la obra son en su mayoría versiones actualizadas de ponencias presentadas en un seminari...

Szczegółowa specyfikacja

Zapisane w:
Opis bibliograficzny
Korporacja: Seminar The Regulation of Science and Technology ( Oxford University, Hertford College, Regulatory Policy Reserach Centre)
Kolejni autorzy: Lawton Smith, Helen (edición) (edición)
Format: Materiały konferencyjne Książka
Język:angielski
Wydane: Hampshire, Inglaterra : Palgrave, 2002, c2002
Seria:(Studies in Regulation)
Hasła przedmiotowe:
Etykiety: Dodaj etykietę
Nie ma etykietki, Dołącz pierwszą etykiete!

MARC

LEADER 00000nam^a2200000^a^4500
001 000139602
005 20250521000000.0
009 20260310095511.623
020 |a 0-333-79045-6 
037 |a Acervo ITESO - Biblioteca 
041 |a ING 
082 |a 303. 483  |b SEM 1996 
111 |a Seminar The Regulation of Science and Technology (  |d 1996 :  |c Oxford University, Hertford College, Regulatory Policy Reserach Centre) 
245 1 4 |a The Regulation of Science and Technology /  |c Ed. e introd. de H. Lawton Smith. 
264 4 |a Hampshire, Inglaterra :  |b Palgrave,  |c 2002, c2002 
300 |a XI, 274 p. 
336 |a texto  |b txt  |2 rdacontenido 
337 |a sin mediación  |b n  |2 rdamedio 
338 |a volumen  |b nc  |2 rdasoporte 
440 1 |a (Studies in Regulation) 
520 |a Conjunto de análisis sobre la complejidad de los procesos regulatorios que gobiernan la producción, propiedad y explotación de la ciencia y la tecnología, particularmente en Inglaterra y Europa. Los capítulos de la obra son en su mayoría versiones actualizadas de ponencias presentadas en un seminario sobre el tema, celebrado en marzo de 1996 en la Escuela de Negocios de la Universidad de Coventry. Los ejes temáticos han sido el tipo de investigación científica y tecnológica conducida por las universidades y la industria, los modos en que esta investigación es empleada industrialmente y las formas cómo es usada, dentro del sistema regulatorio, para apoyar posiciones particulares. 
649 |a XX 
650 |a Política Científica y Tecnológica -  |x Congresos 
650 |a Política Científica y Tecnológica -  |z Inglaterra 
650 |a Política Científica y Tecnológica -  |z Europa 
650 |a Política Educativa -  |z Inglaterra 
650 |a Política y Salud Pública -  |z Inglaterra 
650 |a Patentes -  |z Europa -  |x Aspectos Jurídicos 
650 |a Propiedad Industrial -  |z Europa 
650 |a Propiedad Intelectual -  |z Europa 
650 |a Derecho de Autor -  |z Europa 
650 |a Impuestos 
650 |a Seguridad Nacional -  |z Europa 
650 |a Medicamentos -  |z Inglaterra 
650 |a Protección del Consumidor 
650 |a Conservación y Protección Ambiental 
650 |a Educación Superior -  |z Inglaterra 
650 |a Política Científica y Tecnológica 
650 |a Ciencia y Desarrollo 
650 |a Desarrollo Tecnológico 
650 |a Tecnología y Sociedad 
700 |a Lawton Smith, Helen  |e (edición) 
910 |a Fondo General 
920 |a Impresos - Libros 
930 |a Colección General 
905 |a 101 
901 |a 0500067742  |b IT1  |c ACC  |u 20250521 
902 |a https://opac.biblio.iteso.mx/vufind/Record/000139602